[Event "ISR-chT 2019"]
[Site "Israel"]
[Date "2019.02.22"]
[Round "7.15"]
[White "Naiditsch, Arkadij"]
[Black "Raznikov, Danny"]
[Result "0-1"]
[WhiteElo "2732"]
[BlackElo "2497"]
[Annotator "TA"]
[PlyCount "72"]
[EventDate "2019.01.04"]
[EventType "team-tourn"]
[EventCountry "ISR"]
[SourceTitle "playchess.com"]
[Source "ChessBase"]
[SourceQuality "1"]

{[%evp 9,72,12,15,19,20,11,14,12,22,10,14,16,19,17,23,23,35,11,19,0,0,0,0,0,0,-28,4,-31,11,23,23,21,12,24,24,35,41,0,0,0,0,-103,-88,-85,-95,-88,-79,-106,-122,-137,-89,-137,-127,-194,-64,-79,-21,-26,-27,-82,-31,-53,-24,-1208,-1173]} 1. e4 e5 2. Nf3 Nc6 3. Bb5 Nf6 4. d3 {[%cal Bd2d3,Bd3d4][%mdl 32]} Bc5 5. Bxc6 dxc6 6. O-O {C65: Ruy Lopez: Berlin Defence (3...Nf6), unusual lines and 4 0-0 Bc5} (6. Nbd2 Be6 7. O-O Bd6 8. b3 Nd7 9. Nc4 Qe7 10. Bb2 Bxc4 11. bxc4 O-O 12. a4 a6 13. g3 Nc5 {0-1 (43) Robson,R (2667)-So,W (2765) chess.com INT 2019}) 6... Nd7 7. c3 O-O 8. d4 {The position is equal.} Bd6 9. Bg5 f6 10. Bh4 Qe8 $146 ({Predecessor:} 10... Qe7 11. Re1 Re8 12. Nbd2 a5 13. Nc4 Qf7 {½-½ (33) Romm,M (2445)-De Carlos Arregui,I (2411) ICCF email 2017}) 11. Nbd2 Nb6 12. Bg3 Kh8 13. h3 exd4 14. Bxd6 cxd6 {[%cal Bc7d6,Bd6d5][%mdl 32]} 15. cxd4 Qg6 16. Qb3 Re8 ({Don't blunder} 16... Bxh3 $2 17. Nh4 $18) 17. Rfe1 Be6 (17... Bxh3 $5 18. Nh4 Qh6 $15) 18. Qa3 d5 (18... Bxh3 $5 19. Nh4 Qg5 $11) 19. e5 Bxh3 {[%csl Gh3][%cal Rg6g2]} 20. Nh4 Qh6 {Hoping for ...Bxg2.} 21. exf6 Be6 $1 (21... gxf6 $6 22. Qxh3 Qxd2 23. Ng6+ Kg7 24. Ne7 $16) 22. fxg7+ Qxg7 23. Ndf3 Nc4 24. Qc3 Nd6 25. Ne5 (25. Re5 $11 {keeps the balance.}) 25... Qf6 $1 $17 {[%cal Rf6h4]} 26. g3 {[#]} Rg8 $1 27. Ng2 Raf8 28. Qe3 Ne4 29. Re2 Rg5 {Threatens to win with ...c5!} 30. Rae1 {[#]} c5 $1 {[%mdl 512] White must now prevent ...cxd4.} 31. Qf4 {[#]} (31. dxc5 Rxe5) 31... Qh6 {[#]} ({But not} 31... cxd4 32. Qxf6+ Rxf6 33. Nd3 $15) (31... Rf5 $1 $19 {[%cal Rf5f4]} 32. Qh4 Rxf2 33. Qxf6+ R2xf6 34. dxc5 Rg8) 32. Rxe4 $1 $15 {[%mdl 512]} Rxf4 $40 {[%mdl 128] Black attacks.} (32... dxe4 $17 33. Qxe4 Qf6) 33. Rxf4 $11 cxd4 34. Rh4 (34. Nh4 $11) 34... Qf6 ({Black should play} 34... Rh5 $17 {aiming for ...Rxh4.} 35. Rxh5 Qxh5) 35. Nf4 Bf7 ({Much worse is} 35... Rxe5 $6 36. Rxe5 Bf7 37. Re2 $14) 36. Rh6 $2 {[%mdl 8192]} (36. Nfd3 $11) 36... Qxf4 $1 {Precision: White = 37%, Black = 51%.} 0-1

[Event "ISR-chT 2019"]
[Site "Israel"]
[Date "2019.02.22"]
[Round "7.16"]
[White "Kobo, Ori"]
[Black "Mikhalevski, Victor"]
[Result "0-1"]
[WhiteElo "2478"]
[BlackElo "2587"]
[Annotator "TA"]
[PlyCount "76"]
[EventDate "2019.01.04"]
[EventType "team-tourn"]
[EventCountry "ISR"]
[SourceTitle "playchess.com"]
[Source "ChessBase"]
[SourceQuality "1"]

{[%evp 21,76,18,12,12,24,18,23,14,45,50,95,93,92,82,98,48,60,55,65,35,66,65,110,100,91,73,212,221,236,78,300,117,114,118,202,201,423,426,409,416,410,406,372,363,841,815,2971,556,513,56,37,-685,-539,-29969,-29974,-29986,-29987]} 1. e4 e5 2. Nf3 Nc6 3. d4 exd4 4. Nxd4 Nf6 5. Nxc6 bxc6 6. e5 Qe7 7. Qe2 Nd5 8. Nd2 Nb4 9. Nf3 Ba6 10. c4 c5 11. a3 Nc6 12. Bd2 {C45: Scotch Game} Qe6 (12... g6 13. Bg5 Qe6 14. Bf6 Rg8 15. Ng5 Qf5 16. g4 Qf4 17. Nh3 Qh6 18. Bg5 Qg7 19. Bf6 Qh6 {1-0 (35) Nasuta,G (2454)-Navara,D (2739) Poland 2017}) 13. Bc3 Be7 14. O-O-O {White has an edge.} O-O 15. Qe4 f5 16. Qd5 $146 ({Predecessor:} 16. Qf4 Rab8 17. Bd3 Rb3 18. Bc2 Rxc3 19. bxc3 Bxc4 20. Rxd7 Qxd7 21. Qxc4+ {1-0 (43) Grosar,K (2225)-Krivec,J (2080) Pula 1996}) 16... Rad8 17. h4 h6 18. Bd3 Bb7 19. Bc2 Ba8 20. Rd2 Kh8 21. Kb1 Qg6 22. h5 Qg4 23. Qd3 $1 Nb4 (23... a6 $16) 24. axb4 $18 cxb4 25. Bd4 $2 (25. Nh4 $1 $18 {[%cal Rh4g6] is the precise move to win.} Qxh5 26. Qg3 (26. Nxf5 Qxf5 27. Qxf5 Rxf5 $16)) 25... c5 $2 (25... Be4 $16 {is a better defense.} 26. Qf1 b3) 26. Bxc5 $2 (26. Nh4 $1 $18 {[%cal Rh4g6]} Bxh4 27. Bxc5) 26... Bxc5 $16 27. Nh4 $1 {[%cal Rh4g6] Hoping for Ng6+.} Qxh5 {[#]} (27... Be4 $16 28. f3 Qxh4 29. Rxh4 Bxd3) 28. f3 $1 $18 d5 $2 (28... Qg5 29. b3 d5) 29. g4 Qg5 30. gxf5 {aiming for f6!} dxc4 31. Ng6+ Qxg6 32. Qxd8 Qg3 $2 (32... Qb6 33. Qxb6 axb6) 33. Qc7 Qxf3 {[#]} 34. Qxc5 (34. Rxh6+ $142 $1 {[%mdl 512]} gxh6 35. f6 Qh1+ 36. Rd1) 34... Rg8 35. Rdh2 $2 (35. Rc1 $18 b3 36. Bd1 Qxf5+ 37. Ka1) 35... b3 $14 {[%cal Bb4b3,Bb3c2][%mdl 32]} 36. f6 $2 {[%mdl 8192]} (36. Qd4 $14 bxc2+ 37. Kc1 Qxf5 38. Re1) 36... bxc2+ $19 37. Ka1 {Black must now prevent Rxh6+!} Qd1+ $1 38. Ka2 Bxh1 {Accuracy: White = 40%, Black = 29%.} 0-1

[Event "ISR-chT 2019"]
[Site "Israel"]
[Date "2019.02.22"]
[Round "7.17"]
[White "Huzman, Alexander"]
[Black "Bronstein, Or"]
[Result "1-0"]
[WhiteElo "2579"]
[BlackElo "2396"]
[Annotator "ChessBase"]
[PlyCount "109"]
[EventDate "2019.01.04"]
[EventType "team-tourn"]
[EventCountry "ISR"]
[SourceTitle "playchess.com"]
[Source "ChessBase"]
[SourceQuality "1"]
[TimeControl "40/5400+30:1800+30"]

1. Nf3 {[%emt 0:00:00]} Nf6 {[%emt 0:00:33]} 2. c4 {[%emt 0:02:00]} c5 {[%emt 0:00:53]} 3. g3 {[%emt 0:05:55]} g6 {[%emt 0:06:16]} 4. Bg2 {[%emt 0:01:27]} Bg7 {[%emt 0:01:01]} 5. O-O {[%emt 0:02:26]} O-O {[%emt 0:00:41]} 6. Nc3 {[%emt 0:06:28]} d5 {[%emt 0:00:29]} 7. cxd5 {[%emt 0:05:26]} Nxd5 {[%emt 0:00:29]} 8. Nxd5 {[%emt 0:00:18]} Qxd5 {[%emt 0:00:03]} 9. d4 {[%emt 0:00:08]} cxd4 {[%emt 0:02:16]} 10. Be3 {[%emt 0:02:25]} Nc6 {[%emt 0:05:57]} 11. Nxd4 {[%emt 0:01:53]} Qc4 {[%emt 0:01:14]} 12. Bxc6 {[%emt 0:27:01]} bxc6 {[%emt 0:12:55]} 13. Qc1 {[%emt 0:00:59]} Ba6 {[%emt 0:15:43]} 14. Qxc4 {[%emt 0:01:32]} Bxc4 {[%emt 0:01:26]} 15. Rfc1 {[%emt 0:00:51]} Bxd4 {[%emt 0:19:56]} 16. Rxc4 {[%emt 0:01:44]} Bxe3 {[%emt 0:09:26]} 17. fxe3 {[%emt 0:01:01]} Rfd8 {[%emt 0:00:31]} 18. Rac1 {[%emt 0:02:24]} Rd2 {[%emt 0:00:11]} 19. R1c2 {[%emt 0:00:31]} Rxc2 {[%emt 0:00:09]} 20. Rxc2 {[%emt 0:00:03]} Rb8 {[%emt 0:02:12]} 21. b3 {[%emt 0:03:09]} Rb6 {[%emt 0:00:21]} 22. Kf2 {[%emt 0:00:13]} Kg7 {[%emt 0:02:18]} 23. e4 {[%emt 0:00:45]} Kf6 {[%emt 0:01:08]} 24. Ke3 {[%emt 0:02:39]} Ke5 {[%emt 0:01:17]} 25. Rc5+ {[%emt 0:03:47]} Kd6 {[%emt 0:00:09]} 26. Ra5 {[%emt 0:00:06]} Rb7 {[%emt 0:03:28]} 27. Kd4 {[%emt 0:03:21]} f6 {[%emt 0:06:17]} 28. Kc4 {[%emt 0:01:46]} h5 {[%emt 0:02:24]} 29. b4 {[%emt 0:02:22]} Rc7 {[%emt 0:01:53]} 30. Kd4 {[%emt 0:02:36]} Rd7 {[%emt 0:00:30]} 31. Ra6 {[%emt 0:04:09]} Rb7 {[%emt 0:01:43]} 32. a3 {[%emt 0:00:36]} Kd7 {[%emt 0:01:10]} 33. e5 {[%emt 0:06:01]} Kc7 {[%emt 0:00:18]} 34. e4 {[%emt 0:03:20]} fxe5+ {[%emt 0:00:53]} 35. Kxe5 {[%emt 0:00:07]} Rb5+ {[%emt 0:00:43]} 36. Ke6 {[%emt 0:00:07]} Kb7 {[%emt 0:00:04]} 37. Ra4 {[%emt 0:00:12]} h4 {[%emt 0:00:39]} 38. gxh4 {[%emt 0:04:41]} Kb6 {[%emt 0:00:07]} 39. Kxe7 {[%emt 0:01:26]} Re5+ {[%emt 0:00:13]} 40. Kf6 {[%emt 0:00:06]} Rxe4 {[%emt 0:00:13]} 41. Kg5 {[%emt 0:30:02]} Rd4 {[%emt 0:07:48]} 42. Ra5 {[%emt 0:00:00]} a6 {[%emt 0:06:29]} 43. h5 {[%emt 0:00:00]} gxh5 {[%emt 0:00:15]} 44. Kxh5 {[%emt 0:00:00]} Rd3 {[%emt 0:01:40]} 45. h4 {[%emt 0:00:00]} c5 {[%emt 0:00:10]} 46. Rxc5 {[%emt 0:00:00]} Rxa3 {[%emt 0:00:02]} 47. Kg6 {[%emt 0:00:00]} Rb3 {[%emt 0:02:05]} 48. Rg5 {[%emt 0:00:00]} Rxb4 {[%emt 0:00:23]} 49. h5 {[%emt 0:00:00]} Rc4 {[%emt 0:03:59]} 50. h6 {[%emt 0:00:00]} a5 {[%emt 0:01:17]} 51. h7 {[%emt 0:00:00]} Rc8 {[%emt 0:01:40]} 52. Kh6 {[%emt 0:00:00]} a4 {[%emt 0:02:09]} 53. Rg8 {[%emt 0:00:00]} Rc4 {[%emt 0:02:02]} 54. Rg6+ {[%emt 0:00:00]} Kb7 {[%emt 0:00:18]} 55. h8=Q {[%emt 0:00:00]} 1-0

[Event "ISR-chT 2019"]
[Site "Israel"]
[Date "2019.02.22"]
[Round "7.18"]
[White "Liss, Eran"]
[Black "Greenfeld, Alon"]
[Result "1/2-1/2"]
[WhiteElo "2430"]
[BlackElo "2527"]
[Annotator "TA"]
[PlyCount "52"]
[EventDate "2019.01.04"]
[EventType "team-tourn"]
[EventCountry "ISR"]
[SourceTitle "playchess.com"]
[Source "ChessBase"]
[SourceQuality "1"]

{[%evp 25,52,18,28,26,25,16,22,3,18,-27,-28,-21,-32,-20,-6,-8,-3,-4,0,-8,47,38,75,57,68,0,0,0,0]} 1. e4 c5 2. Nf3 d6 3. d4 cxd4 4. Nxd4 Nf6 5. Nc3 Nc6 6. f3 e5 7. Nb3 Be7 8. Be3 Be6 9. Nd5 Bxd5 10. exd5 Nb4 11. c4 a5 12. Qd2 b6 13. Be2 O-O 14. Nc1 {B56: Classical Sicilian: Unusual Lines} Na6 {[%cal Bb4a6,Ba6c5,Bc5e4][%mdl 32]} 15. b3 {[#]} Nh5 $146 ({Predecessor:} 15... Nd7 16. Bd3 Ndc5 17. O-O h6 18. Ne2 Bg5 19. Bc2 Bxe3+ 20. Qxe3 Nb4 21. Bd1 Qf6 {0-1 (82) Timofeev,A (2577)-Alekseev,E (2607) Dubai 2003}) 16. Nd3 f5 17. f4 exf4 18. Nxf4 ({Of course not} 18. Bxh5 fxe3 19. Qe2 (19. Qxe3 $2 g6 $19) 19... Bf6 $17) 18... Nxf4 19. Bxf4 Nc5 20. O-O Bf6 21. Rad1 Ne4 22. Qc2 Qc7 (22... g6 $11) 23. Bd3 Qc5+ 24. Kh1 Rae8 $1 25. Bxe4 (25. g3 $14) 25... Rxe4 $11 26. Bg3 g6 {Accuracy: White = 69%, Black = 53%.} 1/2-1/2

[Event "ISR-chT 2019"]
[Site "Israel"]
[Date "2019.02.22"]
[Round "7.19"]
[White "Shvidler, Eliahu"]
[Black "Zubov, Alexander"]
[Result "0-1"]
[WhiteElo "2357"]
[BlackElo "2599"]
[Annotator "RC"]
[PlyCount "152"]
[EventDate "2019.01.04"]
[EventType "team-tourn"]
[EventCountry "ISR"]
[SourceTitle "playchess.com"]
[Source "ChessBase"]
[SourceQuality "1"]
[TimeControl "40/5400+30:1800+30"]

1. Nf3 {[%emt 0:00:41]} Nf6 {[%emt 0:11:24]} 2. g3 {[%emt 0:03:34]} d5 {[%emt 0:02:40]} 3. c4 {[%emt 0:05:01]} e6 {[%emt 0:02:01]} 4. Bg2 {[%emt 0:02:30]} Be7 {[%emt 0:03:47]} 5. O-O {[%emt 0:01:24]} O-O {[%emt 0:00:07]} 6. d4 {[%emt 0:00:13]} c6 {[%emt 0:01:20]} 7. Qc2 {[%emt 0:02:51]} Nbd7 {[%emt 0:00:12]} 8. Bf4 {[%emt 0:03:40]} Ne4 {[%emt 0:05:40]} 9. Nc3 {[%emt 0:05:04]} g5 {[%emt 0:01:29]} 10. Be3 {[%emt 0:02:58]} Nd6 {[%emt 0:00:24]} 11. cxd5 {[%emt 0:08:13]} exd5 {[%emt 0:00:21]} 12. Bd2 {[%emt 0:00:24]} Nb6 {[%emt 0:11:14]} 13. b3 {[%emt 0:12:32]} Bf5 {[%emt 0:01:34]} 14. Qc1 {[%emt 0:00:29]} f6 {[%emt 0:00:33]} 15. Ne1 {[%emt 0:02:42]} Bg6 {[%emt 0:07:55]} 16. Nc2 {[%emt 0:05:53]} Re8 {[%emt 0:10:41]} 17. Re1 {[%emt 0:03:34]} Bf8 {[%emt 0:00:42]} 18. a4 {[%emt 0:02:07]} a5 {[%emt 0:01:01]} 19. Ne3 {[%emt 0:04:41]} Qd7 {[%emt 0:05:02]} 20. f3 {[%emt 0:03:35]} h5 {[%emt 0:09:31]} 21. Ned1 {[%emt 0:01:54]} Nf5 {[%emt 0:01:12]} 22. e3 {[%emt 0:00:46]} Nc8 {[%emt 0:05:24]} 23. Nf2 {[%emt 0:02:32]} Ncd6 {[%emt 0:00:03]} 24. Ne2 {[%emt 0:01:03]} Ng7 {[%emt 0:02:20]} 25. Nc3 {[%emt 0:05:22]} Ne6 {[%emt 0:00:56]} 26. Qd1 {[%emt 0:02:25]} Nf5 {[%emt 0:00:17]} 27. Bh3 {[%emt 0:01:13]} Qf7 {[%emt 0:00:20]} 28. Bf1 {[%emt 0:02:05]} h4 {[%emt 0:04:26]} 29. g4 {[%emt 0:01:50]} Nd6 {[%emt 0:00:17]} 30. Ne2 {[%emt 0:01:32]} Qh7 {[%emt 0:01:51]} 31. Rc1 {[%emt 0:01:35]} Bg7 {[%emt 0:03:06]} 32. Bc3 {[%emt 0:02:18]} Bh8 {[%emt 0:02:02]} 33. Qd2 {[%emt 0:00:54]} Qc7 {[%emt 0:00:03]} 34. Nd3 {[%emt 0:01:15]} Qb6 {[%emt 0:02:27]} 35. Rb1 {[%emt 0:04:11]} Bg7 {[%emt 0:00:50]} 36. Rb2 {[%emt 0:00:21]} Qc7 {[%emt 0:00:21]} 37. Nf2 {[%emt 0:02:06]} b5 {[%emt 0:02:32]} 38. Ra2 {[%emt 0:00:32]} b4 {[%emt 0:00:41]} 39. Bb2 {[%emt 0:00:33]} f5 {[%emt 0:01:20]} 40. gxf5 {[%emt 0:01:03]} Bxf5 {[%emt 0:00:20]} 41. Bg2 {[%emt 0:30:55]} Rad8 {[%emt 0:08:00]} 42. Raa1 {[%emt 0:00:00]} Qd7 {[%emt 0:04:19]} 43. Rac1 {[%emt 0:00:00]} Nf7 {[%emt 0:01:34]} 44. h3 {[%emt 0:00:00]} Re7 {[%emt 0:00:38]} 45. e4 {[%emt 0:00:00]} Bg6 {[%emt 0:02:08]} 46. e5 {[%emt 0:00:00]} Rf8 {[%emt 0:03:43]} 47. Ng4 {[%emt 0:00:00]} Nfd8 {[%emt 0:00:20]} 48. Rf1 {[%emt 0:00:00]} Ref7 {[%emt 0:00:08]} 49. Rf2 {[%emt 0:00:00]} Qb7 {[%emt 0:05:16]} 50. f4 {[%emt 0:00:00]} Nxf4 {[%emt 0:00:56]} 51. Nxf4 {[%emt 0:00:00]} Rxf4 {[%emt 0:02:55]} 52. Rxf4 {[%emt 0:00:53]} Rxf4 {[%emt 0:00:22]} 53. Nf2 {[%emt 0:03:07]} Bf8 {[%emt 0:02:50]} 54. Nd3 {[%emt 0:00:20]} Rf5 {[%emt 0:00:09]} 55. Rf1 {[%emt 0:01:19]} Ne6 {[%emt 0:01:27]} 56. Rxf5 {[%emt 0:01:11]} Bxf5 {[%emt 0:00:01]} 57. Bf1 {[%emt 0:00:25]} Qf7 {[%emt 0:01:32]} 58. Qc1 {[%emt 0:00:16]} Qd7 {[%emt 0:00:23]} 59. Qe3 {[%emt 0:00:19]} Qg7 {[%emt 0:00:39]} 60. Nf2 {[%emt 0:00:21]} Nf4 {[%emt 0:00:44]} 61. Qf3 {[%emt 0:00:14]} Qg6 {[%emt 0:01:16]} 62. Bc1 {[%emt 0:00:15]} Ne6 {[%emt 0:00:25]} 63. Be3 {[%emt 0:00:09]} Bc2 {[%emt 0:00:21]} 64. Qg4 {[%emt 0:00:22]} Kf7 {[%emt 0:00:48]} 65. Qf3+ {[%emt 0:00:14]} Ke8 {[%emt 0:01:06]} 66. Qg4 {[%emt 0:00:26]} Be7 {[%emt 0:00:11]} 67. Be2 {[%emt 0:00:22]} Kd7 {[%emt 0:00:50]} 68. Bd1 {[%emt 0:00:07]} Qf5 {[%emt 0:00:26]} 69. Qe2 {[%emt 0:00:25]} Bxd1 {[%emt 0:00:14]} 70. Qxd1 {[%emt 0:00:01]} Bd8 {[%emt 0:00:22]} 71. Qf1 {[%emt 0:00:48]} Bb6 {[%emt 0:00:37]} 72. Qa6 {[%emt 0:00:17]} Kc7 {[%emt 0:00:04]} 73. Qa8 {[%emt 0:00:31]} Nxd4 {[%emt 0:00:44]} 74. Kf1 {[%emt 0:00:01]} Qxe5 {[%emt 0:00:17]} 75. Ng4 {[%emt 0:00:13]} Qf5+ {[%emt 0:00:10]} 76. Kg1 {[%emt 0:00:17]} Qf3 {[%emt 0:01:19]} 0-1

[Event "ISR-chT 2019"]
[Site "Israel"]
[Date "2019.02.22"]
[Round "7.20"]
[White "Oratovsky, Michael"]
[Black "Soffer, Ram"]
[Result "1/2-1/2"]
[WhiteElo "2459"]
[BlackElo "2484"]
[Annotator "TA"]
[PlyCount "27"]
[EventDate "2019.01.04"]
[EventType "team-tourn"]
[EventCountry "ISR"]
[SourceTitle "playchess.com"]
[Source "ChessBase"]
[SourceQuality "1"]

{[%evp 19,27,-3,0,0,34,24,20,16,30,5]} 1. e4 c6 2. d4 d5 3. Nd2 dxe4 4. Nxe4 Bf5 5. Ng3 Bg6 6. Nh3 Nf6 {B18: Classical Caro-Kann: 4...Bf5 sidelines} (6... e6 7. Nf4 Bd6 8. c3 Nf6 9. h4 Bxf4 10. Bxf4 h6 11. a4 O-O 12. a5 Nd5 13. Bd2 Nd7 14. c4 N5f6 15. h5 Bh7 16. Bc3 c5 {1-0 (68) Ivanchuk,V (2726)-Artemiev,V (2691) Huaian 2017}) 7. c3 Nbd7 8. Nf4 e5 9. dxe5 Nxe5 10. Qxd8+ Rxd8 {LiveBook: 4 Games} 11. Be3 a6 12. Bd4 Bd6 13. O-O-O $146 {[#] aiming for Re1.} ({Predecessor:} 13. Nxg6 hxg6 14. O-O-O O-O 15. h3 {½-½ (81) Karpatchev,A (2442)-Kreisl,R (2432) Germany 2014}) 13... Rd7 14. h3 1/2-1/2

[Event "ISR-chT 2019"]
[Site "Israel"]
[Date "2019.02.22"]
[Round "7.21"]
[White "Kundin, Alexander"]
[Black "Bykhovsky, Avigdor"]
[Result "1-0"]
[WhiteElo "2311"]
[BlackElo "2423"]
[Annotator "TA"]
[PlyCount "49"]
[EventDate "2019.01.04"]
[EventType "team-tourn"]
[EventCountry "ISR"]
[SourceTitle "playchess.com"]
[Source "ChessBase"]
[SourceQuality "1"]

{[%evp 24,49,44,0,0,0,248,244,256,248,243,239,239,60,58,60,58,61,48,66,92,64,365,355,675,675,649,643]} 1. e4 e6 2. d4 d5 3. Nd2 Nf6 4. e5 Nfd7 5. c3 c5 6. Bd3 Nc6 7. Ne2 cxd4 8. cxd4 f6 9. exf6 Qxf6 10. Nf3 Bd6 11. O-O h6 12. Ng3 O-O 13. Nh5 Qf7 {C06: French Tarrasch: 3...Nf6 4 e5 Nfd7 5 Bd3 main lines} 14. Nh4 Rd8 $2 {[#]} ({But not} 14... Nxd4 $2 15. Bg6 $18) (14... Ne7 $11 {and Black stays safe.}) (14... Ne7 15. Qg4 e5 16. Bxh6 Nf6 17. Qg5 Nxh5 18. dxe5 Bxe5 19. Ng6 Nxg6 20. Bxg6 Qf4 21. Qxh5 gxh6 {½-½ (54) Zakhartsov,V (2453)-Sharankov,G (2176) Tallinn 2016}) 15. Bxh6 $1 $18 {[%mdl 512]} gxh6 {White is clearly better.} 16. Qg4+ Kf8 {And now ...Nf6 would win.} 17. Ng6+ Ke8 {[#] aiming for ...Nf6.} 18. Nh8 $2 (18. Qh4 $1 $18) 18... Nf6 $14 19. Qh4 $1 Qxh5 ({Not} 19... Bxh2+ $2 20. Qxh2 Qe7 21. Ng6 $18) 20. Bg6+ {[#]} Qxg6 $1 {[%mdl 512]} 21. Nxg6 Kf7 $146 {[%cal Rf7g6]} 22. Qxh6 {f4 is the strong threat.} Bd7 $2 {[%mdl 8192] [#]} (22... Rg8 $14 23. Nh8+ Ke7) 23. f4 $1 $18 {Threatens to win with Ne5+.} Bf8 $2 (23... Rf8 24. Rad1 Ne7) 24. Nh8+ Ke7 25. Qg5 {Accuracy: White = 75%, Black = 25%.} 1-0

[Event "ISR-chT 2019"]
[Site "Israel"]
[Date "2019.02.22"]
[Round "7.22"]
[White "Kantarji, Pinchas"]
[Black "Aharonovich, Itamar"]
[Result "1/2-1/2"]
[WhiteElo "2445"]
[BlackElo "2288"]
[Annotator "TA"]
[PlyCount "49"]
[EventDate "2019.01.04"]
[EventType "team-tourn"]
[EventCountry "ISR"]
[SourceTitle "playchess.com"]
[Source "ChessBase"]
[SourceQuality "1"]

{[%evp 18,49,0,0,34,7,7,0,29,33,36,43,48,45,63,0,0,0,0,0,0,-7,0,-10,0,0,0,-108,-24,-14,-29,-20,-23,-17]} 1. c4 Nf6 2. Nc3 d5 3. cxd5 Nxd5 4. d4 g6 5. e3 Bg7 6. Bc4 Nb6 7. Bb3 O-O 8. Nf3 c5 9. O-O cxd4 10. Nxd4 Na6 {[%cal Bb8a6,Ba6c5,Bc5b3][%mdl 32] D94: Grünfeld: 4 Nf3 Bg7 5 e3} (10... Nc6 11. Nxc6 bxc6 12. Ne4 Ba6 13. Re1 Bc4 14. Bxc4 Nxc4 15. Qc2 Qa5 16. Rf1 Qb5 17. Rb1 Rfd8 18. b3 {½-½ (39) Kosteniuk,A (2557)-Lagno,K (2547) Huaian 2017}) 11. a4 Nc5 12. a5 Nxb3 {The position is equal.} 13. Qxb3 Nd7 14. Rd1 e6 $146 ({Predecessor:} 14... a6 15. e4 e6 16. Be3 Qe7 17. Nf3 h6 18. Bd4 e5 19. Nd5 Qe6 20. Bc3 Nf6 21. Bxe5 Nxe4 22. Bxg7 Kxg7 23. Qb4 Qf5 24. Nc7 {1-0 (24) Teschner,R-Kozma,J Reggio Emilia 1965}) 15. e4 b6 16. axb6 ({White should play} 16. Bf4 $14) 16... Qxb6 $11 17. Qxb6 Nxb6 18. Ndb5 Bb7 19. Nd6 Bc6 20. Be3 Rfd8 21. f3 Rd7 22. Ndb5 (22. Bf2 $11) 22... Nc4 ({Better is} 22... Rxd1+ $17 23. Rxd1 Nc4) 23. Rxd7 Bxd7 24. Rxa7 Rxa7 25. Bxa7 {Accuracy: White = 60%, Black = 46%.} 1/2-1/2

[Event "ISR-chT 2019"]
[Site "Israel"]
[Date "2019.02.22"]
[Round "7.23"]
[White "Kreizberg, Michael"]
[Black "Arlinsky, Uriel"]
[Result "1-0"]
[WhiteElo "2305"]
[BlackElo "2336"]
[Annotator "NA"]
[PlyCount "101"]
[EventDate "2019.01.04"]
[EventType "team-tourn"]
[EventCountry "ISR"]
[SourceTitle "playchess.com"]
[Source "ChessBase"]
[SourceQuality "1"]
[TimeControl "40/5400+30:1800+30"]

1. d4 {[%emt 0:02:40]} Nf6 {[%emt 0:01:56]} 2. c4 {[%emt 0:00:08]} e6 {[%emt 0:00:14]} 3. g3 {[%emt 0:00:08]} Bb4+ {[%emt 0:00:45]} 4. Bd2 {[%emt 0:00:09]} Be7 {[%emt 0:00:28]} 5. Bg2 {[%emt 0:00:15]} O-O {[%emt 0:00:14]} 6. Nf3 {[%emt 0:03:15]} d5 {[%emt 0:00:51]} 7. O-O {[%emt 0:00:07]} c6 {[%emt 0:00:21]} 8. Qc2 {[%emt 0:00:35]} b6 {[%emt 0:03:13]} 9. Bf4 {[%emt 0:00:35]} Bb7 {[%emt 0:02:01]} 10. Ne5 {[%emt 0:05:29]} Nh5 {[%emt 1:24:57] E06: Closed Catalan: Early deviations} (10... Nbd7 11. Rd1 Rc8 12. Nc3 Nh5 13. Be3 Nhf6 14. Nxd7 Nxd7 15. b3 f5 16. Bc1 Bd6 17. a4 a5 18. Ba3 Qe7 19. Bxd6 Qxd6 20. e3 {1-0 (70) Radjabov,T (2713)-Wang,H (2735) Beijing 2013}) 11. Bc1 $146 {[%emt 0:13:15]} Nf6 {[%emt 0:00:00]} 12. Rd1 {[%emt 0:00:17]} Qc8 {[%emt 0:00:00]} 13. Nc3 {[%emt 0:08:00]} b5 {[%emt 0:00:00]} 14. c5 {[%emt 0:12:55]} b4 {[%emt 0:00:00]} 15. Na4 {[%emt 0:03:37]} Ba6 {[%emt 0:00:00]} 16. Nd3 {[%emt 0:07:08]} Qb7 {[%emt 0:00:00]} 17. Bd2 {[%emt 0:00:23]} Nbd7 {[%emt 0:00:00]} 18. Bf1 {[%emt 0:01:11]} Bxd3 {[%emt 0:00:00]} 19. Qxd3 {[%emt 0:00:52]} e5 {[%emt 0:00:00]} 20. e3 {[%emt 0:00:24]} a5 {[%emt 0:00:00]} 21. a3 {[%emt 0:00:26]} Ne4 {[%emt 0:00:00]} 22. Be1 {[%emt 0:07:59]} Ng5 {[%emt 0:00:00]} 23. Bg2 {[%emt 0:06:08]} e4 {[%emt 0:00:00]} 24. Qe2 {[%emt 0:01:02]} f5 {[%emt 0:00:00]} 25. axb4 {[%emt 0:02:46]} axb4 {[%emt 0:00:00]} 26. b3 {[%emt 0:00:30]} Bd8 {[%emt 0:00:00]} 27. Ra2 {[%emt 0:03:18]} Bc7 {[%emt 0:00:00]} 28. Rda1 {[%emt 0:00:30]} g6 {[%emt 0:00:00]} 29. h4 {[%emt 0:00:30]} Ne6 {[%emt 0:00:00]} 30. Nb2 {[%emt 0:03:44]} Nf6 {[%emt 0:00:00]} 31. Nd1 {[%emt 0:07:28]} h5 {[%emt 0:00:00]} 32. Ra6 {[%emt 0:01:30]} Ng4 {[%emt 0:00:38]} 33. Qa2 {[%emt 0:00:39]} Rae8 {[%emt 0:04:38]} 34. Qa4 {[%emt 0:00:51]} Nd8 {[%emt 0:00:53]} 35. Ra8 {[%emt 0:02:27]} f4 {[%emt 0:01:34]} 36. gxf4 {[%emt 0:01:18]} Bxf4 {[%emt 0:01:56]} 37. Qa7 {[%emt 0:00:25]} Bh2+ {[%emt 0:01:25]} 38. Kh1 {[%emt 0:00:30]} Qf7 {[%emt 0:00:30]} 39. Qxf7+ {[%emt 0:00:30]} Rxf7 {[%emt 0:00:30]} 40. Bxb4 {[%emt 0:00:00]} Ref8 {[%emt 0:00:48]} 41. Rc8 {[%emt 0:32:16]} Rb7 {[%emt 0:30:44]} 42. Ba5 {[%emt 0:00:30]} Rb8 {[%emt 0:00:30]} 43. Rxd8 {[%emt 0:00:00]} Rbxd8 44. Bxd8 {[%emt 0:00:00]} Rxd8 {[%emt 0:00:00]} 45. Ra6 {[%emt 0:00:00]} Rb8 {[%emt 0:00:00]} 46. Bh3 {[%emt 0:00:00]} Bc7 {[%emt 0:00:00]} 47. Rxc6 {[%emt 0:00:00]} Ba5 {[%emt 0:00:00]} 48. Bxg4 {[%emt 0:00:00]} hxg4 {[%emt 0:00:00]} 49. Rxg6+ {[%emt 0:00:00]} Kf7 {[%emt 0:00:00]} 50. Rxg4 {[%emt 0:00:00]} Rxb3 {[%emt 0:00:00]} 51. h5 {[%emt 0:08:50]} 1-0